| 000 | 00728nam a2200217Ii 4500 | ||
|---|---|---|---|
| 003 | JO-AjNU | ||
| 008 | 230605s9999||||xx |||||||||||||| ||und|| | ||
| 017 | _a1999/9132 | ||
| 020 | _a977-01-6203-5 | ||
| 040 |
_aJO-AjNU _bara _erda _cJO-AjNU |
||
| 041 | _aara | ||
| 050 | 1 | 4 | _aPJ7808 1999 |
| 100 | 3 |
_aتأليف أبو النجا، أبو المعاطي, _eauthor _935617 |
|
| 245 | 0 | 0 | _aالعودة إلى المنفى |
| 264 | 3 | 1 | _aالقاهرة:مكتبة الأسرة،1999 ؛ مهرجان القراءة للجميع 1999 |
| 300 | _a515ص | ||
| 336 |
_atext _btxt _2rdacontent |
||
| 337 |
_aunmediated _bn _2rdamedia |
||
| 338 |
_avolume _bnc _2rdacarrier |
||
| 650 | 4 |
_aالأدب العربي - روايات _935618 |
|
| 999 |
_aA14722 _c18290 _d18290 |
||